000
00187nam a2200073Ia 4500
008
170524s9999 xx 000 0 und d
100
_a
STALLING- W
245
0
_a
BUSINESS DATA COMMUNICATIONS
260
_b
HIMALYA PUB. HOUSE
999
_c
8011
_d
8011